000 00269nam a22001217a 4500
008 170914b xxu||||| |||| 00| 0 eng d
041 _aeng
080 _26TH
_a7
100 _a44
101 _aART
245 _aMASTERPIECES OF THE DRAMA
_cALLISON,A.W
942 _2udc
_cBK
999 _c27586
_d27586